Представление документа в формате MARC21

Поле Инд. ПП Название Значение
Тип записи a
Библиографический уровень b
001 Контрольный номер bd1d3a9f008f4d95bdb2c8de73d3a8cf
005 Дата корректировки 20210823114811.2
040 a Служба первич. каталог. РИНЦ
041 0_ a Код языка текста rus
084 a Индекс другой классификации/Индекс ББК 20.115
097 a Ануфриева Г.Ю.
097 a Назина Л.Н.
100 1_ a Автор Макаров О. А.
g Прочие сведения РИНЦ AuthorID: 131155 (http://elibrary.ru/author_profile.asp?id= 131155); SPIN-код: 3281-3753 (http://elibrary.ru/author_items.asp?authorid=131155); ResearcherID: B-4110-2013 (http://www.researcherid.com/rid/B-4110-2013)
g Прочие сведения SPIN-код: 3281-3753
q Полное имя Макаров Олег Анатольевич
c Титул (звания) профессор; доктор биологических наук
i 000090738
k Кафедра экологии и наук о Земле; Факультет естественных и инженерных наук
u Дополнение Макаров О. А.
100 1_ q Полное имя Макаров Александр Анатольевич
a Автор Макаров А. А.
u Дополнение Макаров А. А.
i 000089025
k Кафедра персональной электроники; Институт системного анализа и управления
245 10 a Заглавие Прогнозирование химического загрязнения почв тяжелыми металлами при помощи балансового метода (на примере локальных участков города Москвы и города Подольска)
650 04 a Основная рубрика экология; человек и окружающая среда
773 18 t Название источника Экология урбанизированных территорий
b Сведения об издании ООО Издательский дом "Камертон"
c Москва
d Место и дата издания 2016
m Специф. данные журнал из перечня ВАК
m Специф. данные ненулевой импакт-фактор
n Примечание http://elibrary.ru/contents.asp?issueid=1589297
g Прочая информация № 1. - С. 50 - 58
w Контрольный № источника e886fab26757427daaa7404ecdeea860
856 40 u URL http://elibrary.ru/item.asp?id=26295198
901 t Тип документа b
952 c Вид литературы статья в журнале